[Event "GER-ch U18 Girls"]
[Site "Willingen"]
[Date "2019.06.14"]
[Round "8"]
[White "Schneider, Xenia"]
[Black "Fock, Sana"]
[Result "0-1"]
[WhiteElo "1364"]
[BlackElo "1796"]
[PlyCount "66"]
[EventDate "2019.06.08"]
[EventType "swiss"]
[EventRounds "9"]
[EventCountry "GER"]
[SourceTitle "CBM 191 Extra"]
[Source "ChessBase"]
[SourceDate "2019.09.30"]
[SourceVersion "1"]
[SourceVersionDate "2019.09.30"]
[SourceQuality "1"]

1. e4 c5 2. Nf3 d6 3. d4 cxd4 4. Nxd4 Nf6 5. Bd3 e5 6. Nf3 Be7 7. Be3 a6 8. h3 Qc7 9. Nc3 Be6 10. Bg5 Nbd7 11. Qe2 h6 12. Bh4 Rc8 13. 0-0 0-0 14. Rfe1 b5 15. Qd2 Nb6 16. Rad1 Rfd8 17. g4 d5 18. exd5 Nfxd5 19. Bxe7 Nxe7 20. Nxe5 Nc4 21. Qf4 Nxb2 22. Rb1 Qxc3 23. Nxf7 Nxd3 24. cxd3 Ng6 25. Nxh6+ gxh6 26. Qxh6 Bf7 27. h4 Qg7 28. Qd2 Nxh4 29. Qf4 Rxd3 30. Re3 Rxe3 31. fxe3 Rc2 32. Rd1 Rg2+ 33. Kf1 Bc4+ 0-1

[Event "GER-chT U20 Girls"]
[Site "Duesseldorf"]
[Date "2017.12.27"]
[Round "1.2"]
[White "Schiewe, Nadine"]
[Black "Schneider, Xenia"]
[Result "1-0"]
[WhiteElo "1645"]
[BlackElo "1424"]
[PlyCount "101"]
[EventDate "2017.12.26"]
[EventType "team-swiss"]
[EventRounds "7"]
[EventCountry "GER"]
[SourceTitle "CBM 182 Extra"]
[Source "ChessBase"]
[SourceDate "2018.02.23"]
[SourceVersion "1"]
[SourceVersionDate "2018.02.23"]
[SourceQuality "1"]
[WhiteTeam "Leegebruch"]
[BlackTeam "Endingen"]
[WhiteTeamCountry "GER"]
[BlackTeamCountry "GER"]

1. d4 c6 2. e4 d5 3. e5 Bf5 4. Bd3 Bxd3 5. Qxd3 e6 6. f4 Qb6 7. Nf3 c5 8. c3 Nc6 9. 0-0 cxd4 10. cxd4 Nge7 11. b3 Nb4 12. Qd2 Rc8 13. Nc3 h5 14. Ba3 Nf5 15. Rac1 Nc6 16. Bxf8 Kxf8 17. Na4 Qb5 18. Rc5 Qa6 19. Rfc1 Ke7 20. R5c2 Rb8 21. Nc5 Qb5 22. Nxb7 Rxb7 23. Rxc6 Rd8 24. R1c5 Qb4 25. Rc7+ Rd7 26. Rxd7+ Kxd7 27. Rc2 Qb6 28. Kf2 f6 29. Qc3 Rc7 30. Qxc7+ Qxc7 31. Rxc7+ Kxc7 32. h3 h4 33. Ke2 Kb6 34. Kd3 Kb5 35. a3 a6 36. Kc3 a5 37. a4+ Kc6 38. b4 Kb6 39. b5 Kc7 40. Kd3 Kb6 41. Nd2 Ng3 42. Nb3 Ne4 43. Nd2 Nxd2 44. Kxd2 f5 45. Ke2 g6 46. Kf3 Kc7 47. g3 Kb6 48. gxh4 Kc7 49. Kg3 Kd7 50. h5 gxh5 51. Kh4 1-0

[Event "GER-chT U14 Girls"]
[Site "Magdeburg"]
[Date "2015.12.28"]
[Round "3.1"]
[White "Schneider, Xenia"]
[Black "Walow, Xenia"]
[Result "0-1"]
[WhiteElo "1306"]
[BlackElo "1610"]
[PlyCount "80"]
[EventDate "2015.12.27"]
[EventType "team-swiss"]
[EventRounds "7"]
[EventCountry "GER"]
[SourceTitle "EXT 2017"]
[Source "ChessBase"]
[SourceDate "2016.10.25"]
[SourceVersion "1"]
[SourceVersionDate "2016.10.25"]
[SourceQuality "1"]
[WhiteTeam "Endingen"]
[BlackTeam "Paderborn Blauer Springer"]
[WhiteTeamCountry "GER"]
[BlackTeamCountry "GER"]

1. e4 c5 2. Nf3 d6 3. Bb5+ Bd7 4. Bxd7+ Nxd7 5. 0-0 g6 6. c3 Bg7 7. d4 cxd4 8. cxd4 e6 9. Bf4 Qb6 10. Qd2 Ne7 11. Nc3 Nf6 12. Rfd1 0-0 13. e5 dxe5 14. dxe5 Nfd5 15. Rab1 Rac8 16. Ne4 Nf5 17. Bg5 h6 18. Bf6 Kh7 19. Qd3 Bxf6 20. exf6 Rfd8 21. Qa3 a6 22. Nfg5+ hxg5 23. Rxd5 exd5 24. Qh3+ Kg8 25. Nxg5 Qxf6 26. Nf3 Rc2 27. g4 Nd4 28. Nxd4 Qxf2+ 29. Kh1 Qxd4 30. Qf3 Qe4 31. Qxe4 dxe4 32. a4 Rdd2 33. b4 Rxh2+ 34. Kg1 Rcg2+ 35. Kf1 Rh1+ 36. Kxg2 Rxb1 37. Kf2 Rxb4 38. a5 Rb3 39. Ke2 f5 40. gxf5 gxf5 0-1

[Event "Baden-ch U10"]
[Site "Karlsruhe"]
[Date "2012.01.04"]
[Round "4"]
[White "Schneider, Xenia"]
[Black "Koll, Lukas"]
[Result "0-1"]
[WhiteElo "886"]
[BlackElo "1154"]
[PlyCount "40"]
[EventDate "2012.01.03"]
[EventType "swiss"]
[EventRounds "7"]
[EventCountry "GER"]
[SourceTitle "EXT 2015"]
[Source "ChessBase"]
[SourceDate "2014.11.20"]
[SourceVersion "1"]
[SourceVersionDate "2014.11.20"]
[SourceQuality "1"]

1. e4 e5 2. Nf3 Nc6 3. Bb5 Nf6 4. Nc3 Bc5 5. 0-0 0-0 6. d3 h6 7. Be3 Bb6 8. Bxc6 bxc6 9. Nxe5 Re8 10. Ng4 d6 11. h3 Nxg4 12. hxg4 Qf6 13. f4 Bxe3+ 14. Kh1 Bb6 15. Qd2 Rb8 16. g5 hxg5 17. fxg5 Qg6 18. g3 Qh5+ 19. Kg2 Bh3+ 20. Kh2 Bxf1# 0-1

[Event "Baden-ch U10"]
[Site "Karlsruhe"]
[Date "2012.01.03"]
[Round "2"]
[White "Schneider, Xenia"]
[Black "Koll, Linus"]
[Result "1/2-1/2"]
[WhiteElo "886"]
[BlackElo "912"]
[PlyCount "150"]
[EventDate "2012.01.03"]
[EventType "swiss"]
[EventRounds "7"]
[EventCountry "GER"]
[SourceTitle "EXT 2015"]
[Source "ChessBase"]
[SourceDate "2014.11.20"]
[SourceVersion "1"]
[SourceVersionDate "2014.11.20"]
[SourceQuality "1"]

1. e4 e5 2. Nf3 Nc6 3. Bc4 Nf6 4. d3 h6 5. Be3 d6 6. h3 Be6 7. Bxe6 fxe6 8. Nc3 d5 9. exd5 Nxd5 10. Nxd5 Qxd5 11. c4 Bb4+ 12. Bd2 Qxd3 13. Bxb4 Qxd1+ 14. Rxd1 Nxb4 15. 0-0 Nxa2 16. Nxe5 Nb4 17. Ng6 Rg8 18. Rfe1 Rd8 19. Rxd8+ Kxd8 20. Rxe6 Re8 21. Rxe8+ Kxe8 22. Kf1 Nd3 23. b3 Nc1 24. b4 Nd3 25. b5 Nb2 26. c5 a5 27. bxa6 bxa6 28. Ke2 Na4 29. c6 Nb2 30. Kd2 Nc4+ 31. Kc3 Na5 32. Ne5 Ke7 33. Kd4 Nb3+ 34. Kd5 a5 35. Nc4 a4 36. f4 Nc1 37. g4 Ne2 38. f5 Nc3+ 39. Kc5 Nb1 40. Kb4 a3 41. Nxa3 Nxa3 42. Kxa3 Kd6 43. Kb4 Kxc6 44. Kc4 Kd6 45. Kd4 c5+ 46. Kc4 Kc6 47. h4 Kd6 48. Kd3 Kd5 49. Ke3 c4 50. Kd2 Kd4 51. Kc2 c3 52. g5 hxg5 53. hxg5 Ke5 54. f6 gxf6 55. g6 Ke6 56. Kxc3 f5 57. g7 Kf7 58. g8Q+ Kxg8 59. Kd4 Kg7 60. Ke5 Kg6 61. Kf4 Kf6 62. Kf3 Kg5 63. Kg3 f4+ 64. Kf3 Kf5 65. Kg2 Ke4 66. Kf2 f3 67. Kf1 Kf5 68. Kf2 Kf4 69. Kf1 Ke5 70. Kf2 Kf4 71. Kf1 Ke3 72. Ke1 Kf4 73. Kf2 Kg4 74. Kf1 Kg3 75. Kg1 Kg4 1/2-1/2

[Event "GER-ch U10"]
[Site "Oberhof"]
[Date "2010.05.28"]
[Round "10"]
[White "Schneider, Xenia"]
[Black "Moeller, Hannah Sophie"]
[Result "0-1"]
[WhiteElo "777"]
[BlackElo "854"]
[PlyCount "104"]
[EventDate "2010.05.22"]
[EventType "swiss"]
[EventRounds "11"]
[EventCountry "GER"]
[SourceTitle "CBM 136 Extra"]
[Source "ChessBase"]
[SourceDate "2010.07.02"]
[SourceVersion "2"]
[SourceVersionDate "2010.07.15"]
[SourceQuality "1"]

1. e4 e5 2. Nf3 Nc6 3. d4 exd4 4. Nxd4 Bc5 5. Be3 d6 6. Nxc6 bxc6 7. Bxc5 dxc5 8. Qf3 Be6 9. Ba6 Ne7 10. 0-0 0-0 11. Nc3 Rb8 12. Rab1 Ng6 13. Rfd1 Qg5 14. Na4 c4 15. b3 cxb3 16. axb3 Bg4 17. Qg3 h6 18. Rd4 Qf4 19. Qxf4 Nxf4 20. e5 Ne2+ 21. Bxe2 Bxe2 22. Re1 Bh5 23. Rd7 Rbc8 24. e6 fxe6 25. Rxe6 Bg4 26. Rxc6 Bxd7 27. Rg6 Bxa4 28. bxa4 Rcd8 29. h3 Rd2 30. f3 Rxc2 31. a5 Kh7 32. Ra6 Ra8 33. Kh2 c5 34. Rc6 c4 35. a6 c3 36. f4 Rb8 37. f5 Rbb2 38. Kg3 Rxg2+ 39. Kf4 Rbf2+ 40. Ke4 c2 41. h4 Rf1 42. h5 c1Q 43. Rxc1 Rxc1 44. Kf3 Rb2 45. Ke4 Rb4+ 46. Ke5 Rc5+ 47. Kd6 Rxf5 48. Kc6 Rb6+ 49. Kc7 Rf7+ 50. Kc8 Rxa6 51. Kb8 Re6 52. Kc8 Re8# 0-1

[Event "GER-ch U10"]
[Site "Oberhof"]
[Date "2010.05.23"]
[Round "2"]
[White "Schneider, Xenia"]
[Black "Tsoumanis, Neoptolemos"]
[Result "0-1"]
[WhiteElo "777"]
[BlackElo "1105"]
[PlyCount "96"]
[EventDate "2010.05.22"]
[EventType "swiss"]
[EventRounds "11"]
[EventCountry "GER"]
[SourceTitle "CBM 136 Extra"]
[Source "ChessBase"]
[SourceDate "2010.07.02"]
[SourceVersion "2"]
[SourceVersionDate "2010.07.15"]
[SourceQuality "1"]

1. e4 d5 2. e5 Bf5 3. Bb5+ Nc6 4. Nf3 e6 5. 0-0 Nge7 6. d3 Ng6 7. d4 a6 8. Ba4 b5 9. Bb3 Bg4 10. Bg5 Be7 11. Bd2 a5 12. a4 b4 13. c3 Qd7 14. cxb4 axb4 15. Be3 h6 16. Bc2 0-0 17. Bd3 Na5 18. Bb5 c6 19. Be2 Qd8 20. Qc1 Nb3 21. Qxc6 Nxa1 22. Qb5 Nb3 23. Bd1 Na5 24. Bd2 Rb8 25. Qd3 Bf5 26. Qa6 Bxb1 27. Be1 Nf4 28. Bd2 Bd3 29. Qa7 Nc6 30. Qxb8 Nxb8 31. Re1 Nc6 32. Bb3 Ne2+ 33. Kf1 Nc1+ 34. Kg1 Nxb3 35. Be3 Bg5 36. Bxg5 hxg5 37. Re3 Nc1 38. Ne1 Bc4 39. Rh3 Ne2+ 40. Kh1 g4 41. Rh5 Nf4 42. Rg5 Qxg5 43. g3 Nd3 44. Ng2 Nxf2+ 45. Kg1 Nh3+ 46. Kh1 Qc1+ 47. Ne1 Qxe1+ 48. Kg2 Qg1# 0-1